00688cam a22001934a 45000010009000000050017000090080041000260100017000670200022000840400018001060410008001240420008001320800021001400820025001611000007001861010007001932450243002005040051004431237095320180302040713.0010405s2001 dcua b 001 0 eng  a 2001002008 a0309074215 (pbk.) aDLCcDLCdDLC aeng apcc a305.23072 lind.00a305.23072 lind.221 a80 a4900aPreparing for an aging world :cPanel on a Research Agenda and New Data for an Aging World, Committee on Population and Committee on National Statistics, Division of Behavioral and Social Sciences and Education, National Research Council. aIncludes bibliographical references and index.